000 00469nam a2200205 a 4500
999 _c6048
_d6048
001 6048
003 BD-JhCC
005 20180101125924.0
008 180101s a|||| |||| 00| 0 eng d
035 _a(BD-JhCC)
040 _aBD-JhCC
_dBD-JhCC
041 _aeng
082 _a920
_bFAR
100 _a Faraday, Michael
245 _aMichael Faraday /
_cMichael Faraday
300 _a15 p. :
_c19cm.
_bill. ;
650 _aBiography
942 _2ddc
_cBK